| 000 | 01327nam0a2200337 i 4500 | ||
|---|---|---|---|
| 001 | RU\NLR\BIBL_A\010585082 | ||
| 005 | 20260406072155.0 | ||
| 010 |
_a9785880103409 _91500 |
||
| 021 |
_aRU _b2014-86881 _95289 |
||
| 035 | _a(NILC)RuMoRGB-007827299 | ||
| 035 | _a(NLR Aleph) 010585082 | ||
| 090 |
_a10478832 _c10478832 |
||
| 100 | _a20150115d2014 u y0rusy50 ca | ||
| 101 | 0 | _arus | |
| 102 | _aRU | ||
| 105 | _ac|||z|||000zy | ||
| 200 | 1 |
_aПедагогическая поэма _e[роман-поэма] _fА. С. Макаренко _g[сост., вступ. ст., примеч., коммент. С. С. Невская] |
|
| 205 | _a[2-е изд.] | ||
| 210 |
_aМосква _cИТРК _d2014 |
||
| 215 |
_a685, [2] с. _cпортр. _d25 |
||
| 320 | _aБиблиогр. в коммент.: с. 684-685 | ||
| 600 | 1 |
_aМакаренко _bА. С. _f1888 - 1939 _gАнтон Семенович _xПедагогические взгляды _91510525 _3RU\NLR\auth\66655661 |
|
| 686 | 1 | _aЧ33(2)7-213Макаренко | |
| 686 | 2 | _aШ6(2=Р)72-440.4 | |
| 700 | 1 |
_8rus _7ca _aМакаренко _bА. С. _gАнтон Семенович _f1888-1939 _3RU\NLR\AUTH\7729712 _912740 |
|
| 801 | 0 |
_aRU _bРГБ _c20141121 _gRCR |
|
| 942 | _cBOOK | ||
| 980 | _aNBR | ||